Alle Länder der Welt in 10 Minuten - Statistiken

Allgemein
  • Dieses Quiz wurde 123 mal gespielt
  • Das Durchschnittsergebnis liegt bei 120 aus 193
Antwortstatistiken
Länder % Korrekt
Deutschland
95%
Belgien
87%
Russland
86%
Ägypten
85%
USA
85%
Albanien
83%
Argentinien
83%
Australien
83%
Chile
83%
China
83%
Irland
83%
Schweden
83%
Schweiz
83%
Island
82%
Bosnien und Herzegowina
81%
Estland
81%
Luxemburg
81%
Norwegen
81%
Brasilien
80%
Finnland
80%
Frankreich
80%
Niederlande
80%
Österreich
80%
Demokratische Volksrepublik Korea
79%
Italien
79%
Kanada
79%
Litauen
79%
Republik Korea
79%
Algerien
77%
Irak
77%
Iran
77%
Polen
77%
Spanien
77%
Andorra
76%
Mexiko
76%
Belarus
75%
Indien
75%
Indonesien
75%
Kroatien
75%
Armenien
74%
Lettland
74%
Liechtenstein
74%
Afghanistan
73%
Portugal
73%
Türkei
73%
Ukraine
73%
Ungarn
73%
Dänemark
71%
Japan
71%
Neuseeland
71%
Thailand
71%
Zypern
71%
Angola
70%
Serbien
70%
Bulgarien
69%
Israel
69%
Tschechien
69%
Uruguay
69%
Vietnam
69%
Aserbaidschan
68%
Ghana
68%
Griechenland
68%
Marokko
68%
Peru
68%
Südafrika
68%
Usbekistan
68%
Demokratische Republik Kongo
67%
Grossbritannien
67%
Paraguay
67%
Republik Kongo
67%
Rumänien
67%
Slowakei
67%
Mali
65%
Malta
65%
San Marino
65%
Slowenien
65%
Bahamas
64%
Moldau
64%
Monaco
64%
Montenegro
64%
Niger
64%
Nordmazedonien
64%
Pakistan
64%
Venezuela
64%
Belize
63%
Dominikanische Republik
63%
Guinea
63%
Libyen
63%
Malaysia
63%
Mongolei
63%
Panama
63%
Tadschikistan
63%
Turkmenistan
63%
Georgien
62%
Guatemala
62%
Jemen
62%
Kuba
62%
St. Kitts und Nevis
62%
Sudan
62%
Tunesien
62%
Benin
61%
Costa Rica
61%
Nepal
61%
Nigeria
61%
Südsudan
61%
Antigua und Barbuda
60%
Bolivien
60%
Honduras
60%
Kasachstan
60%
St. Vincent und die Grenadinen
60%
Bangladesch
58%
Ecuador
58%
Libanon
58%
Saudi-Arabien
58%
Äthiopien
57%
Haiti
57%
Jamaika
57%
Kamerun
57%
Kenia
57%
Oman
57%
Tschad
57%
Bahrain
56%
Barbados
56%
Botswana
56%
El Salvador
56%
Guinea-Bissau
56%
Kolumbien
56%
Myanmar
56%
Papua-Neuguinea
56%
St. Lucia
56%
Syrien
56%
Elfenbeinküste
55%
Jordanien
55%
Madagaskar
55%
Nicaragua
55%
Togo
55%
Bhutan
54%
Fidschi
54%
Guyana
54%
Kirgistan
54%
Singapur
54%
Äquatorialguinea
52%
Gambia
52%
Katar
52%
Kuwait
52%
Malediven
52%
São Tomé und Príncipe
52%
Somalia
52%
Sri Lanka
52%
Vereinigte Arabische Emirate
52%
Grenada
51%
Lesotho
51%
Mauretanien
51%
Namibia
51%
Tuvalu
51%
Zentralafrikanische Republik
51%
Dominica
50%
Eritrea
50%
Laos
50%
Mauritius
50%
Senegal
50%
Uganda
50%
Burundi
49%
Dschibuti
49%
Kambodscha
49%
Nauru
49%
Palau
49%
Brunei
48%
Gabun
48%
Philippinen
48%
Tansania
48%
Trinidad und Tobago
48%
Malawi
46%
Burkina Faso
45%
Eswatini
45%
Kap Verde
45%
Seychellen
45%
Suriname
45%
Ruanda
44%
Sambia
44%
Sierra Leone
44%
Tonga
44%
Samoa
43%
Komoren
42%
Osttimor
42%
Liberia
40%
Marshallinseln
40%
Mikronesien
40%
Simbabwe
40%
Mosambik
39%
Salomonen
39%
Vanuatu
39%
Kiribati
38%
Keine übereinstimmenden Quizze gefunden
Verteilung der Resultate
Anzahl Personen mit jedem Resultat
Perzentil nach korrekt beantworteten Fragen
Ihre Resultats-Entwicklung
Sie haben dieses Quiz noch nicht gespielt